Normal view
MARC view
- الدولة الاموية في الاندلس-الحروب الصليبية-تاريخ الاندلس
Entry Topical Term
001 - CONTROL NUMBER
- control field: 62760
003 - CONTROL NUMBER IDENTIFIER
- control field: JO-AjAnu
005 - DATE AND TIME OF LATEST TRANSACTION
- control field: 20230606084241.0
008 - FIXED-LENGTH DATA ELEMENTS
- fixed length control field: 230606|| aca||aabn | a|a d
040 ## - CATALOGING SOURCE
- Original cataloging agency: JO-AjAnu
- Transcribing agency: JO-AjAnu
150 ## - HEADING--TOPICAL TERM
- Topical term or geographic name entry element: الدولة الاموية في الاندلس-الحروب الصليبية-تاريخ الاندلس
670 ## - SOURCE DATA FOUND
- Source citation: Work cat.: (JO-AjAnu)32002: الحسيني، قاسم عبد سعدون, author 62759, حركة الاسترداد الاسبانية(االريكونيكيستا): ثنائية الصراع بين المسلمين والنصارى في الاندلس (422-541هـ/1030-1146م)، ج2